[Event "ISL-chT 1112"]
[Site "Reykjavik"]
[Date "2011.10.08"]
[Round "3.4"]
[White "Olafsson, David"]
[Black "Asbjornsson, Ingvar"]
[Result "1/2-1/2"]
[WhiteElo "2325"]
[BlackElo "2034"]
[PlyCount "65"]
[EventDate "2011.10.07"]
[EventType "team-tourn"]
[EventRounds "7"]
[EventCountry "ISL"]
[SourceTitle "EXT 2012"]
[Source "ChessBase"]
[SourceDate "2011.11.24"]
[SourceVersion "1"]
[SourceVersionDate "2011.11.24"]
[SourceQuality "1"]
[WhiteTeam "Hellir"]
[BlackTeam "Fjolnir"]
[WhiteTeamCountry "ISL"]
[BlackTeamCountry "ISL"]

1. e4 d6 2. d4 Nf6 3. Nc3 e5 4. dxe5 dxe5 5. Qxd8+ Kxd8 6. Nf3 Bd6 7. Bg5 c6 8. Bc4 Ke7 9. 0-0 h6 10. Bh4 Be6 11. Nd2 Nbd7 12. a3 a5 13. Bxe6 Kxe6 14. Nc4 Bc7 15. a4 Nb6 16. Ne3 g6 17. Rfe1 Rhe8 18. Re2 Rad8 19. b3 Rd7 20. f3 Nh5 21. Ree1 Bd8 22. Bf2 Nf4 23. Rad1 Rxd1 24. Rxd1 h5 25. Kf1 Bc7 26. g3 Nh3 27. Be1 Ng5 28. Ke2 Ke7 29. Nb1 Ra8 30. Bc3 Ne6 31. Na3 f6 32. Bb2 Rd8 33. Rxd8 1/2-1/2

[Event "ISL-chT 1112"]
[Site "Reykjavik"]
[Date "2011.10.07"]
[Round "1.4"]
[White "Asbjornsson, Ingvar"]
[Black "Thorarinsson, Pall A"]
[Result "0-1"]
[WhiteElo "2034"]
[BlackElo "2264"]
[PlyCount "150"]
[EventDate "2011.10.07"]
[EventType "team-tourn"]
[EventRounds "7"]
[EventCountry "ISL"]
[SourceTitle "EXT 2012"]
[Source "ChessBase"]
[SourceDate "2011.11.24"]
[SourceVersion "1"]
[SourceVersionDate "2011.11.24"]
[SourceQuality "1"]
[WhiteTeam "Fjolnir"]
[BlackTeam "TV"]
[WhiteTeamCountry "ISL"]
[BlackTeamCountry "ISL"]

1. Nf3 Nf6 2. c4 c5 3. d4 cxd4 4. Nxd4 g6 5. Nc3 Bg7 6. e4 Nc6 7. Be2 Nxe4 8. Nxc6 Bxc3+ 9. bxc3 dxc6 10. Qd4 Qxd4 11. cxd4 Be6 12. Bb2 0-0 13. a4 Rfd8 14. Rc1 Rd7 15. Bf3 Nd6 16. d5 cxd5 17. cxd5 Bf5 18. 0-0 Be4 19. Bxe4 Nxe4 20. Rfe1 Nd6 21. f3 f6 22. Ba3 Nc8 23. Rc2 Kf7 24. a5 b6 25. a6 b5 26. Rec1 Nb6 27. Rc7 Rad8 28. d6 exd6 29. Bxd6 Nc4 30. Rxd7+ Rxd7 31. Bb8 Ke6 32. Rb1 Nd6 33. Rd1 Nc8 34. Rc1 Ne7 35. Rb1 Nc6 36. Rxb5 Rd1+ 37. Kf2 Ra1 38. Bf4 Rxa6 39. Bh6 Rb6 40. Rc5 a5 41. Rc3 Nd4 42. Bf8 Rb2+ 43. Kf1 Rc2 44. Ra3 Rc8 45. Ra4 Rxf8 46. Rxd4 Ra8 47. Ra4 Kd5 48. Ke2 Kc5 49. Kd3 Kb5 50. Ra1 a4 51. Rb1+ Kc5 52. Rc1+ Kb4 53. Rc4+ Kb3 54. Rc3+ Kb2 55. Rc2+ Kb1 56. Re2 Rc8 57. Re6 a3 58. Rb6+ Ka1 59. Rxf6 Rb8 60. Kc3 Rb2 61. Re6 Ka2 62. Re7 h5 63. g4 h4 64. f4 Rxh2 65. f5 gxf5 66. gxf5 Rh3+ 67. Kc2 Rf3 68. Rh7 h3 69. f6 Rf2+ 70. Kc1 Rxf6 71. Rxh3 Rc6+ 72. Kd2 Kb2 73. Rh8 Rd6+ 74. Ke2 Rb6 75. Kd3 a2 0-1

[Event "ISL-chT 1011"]
[Site "Reykjavik"]
[Date "2011.03.05"]
[Round "7.4"]
[White "Asbjornsson, Ingvar"]
[Black "Leosson, Torfi"]
[Result "1/2-1/2"]
[WhiteElo "2021"]
[BlackElo "2171"]
[PlyCount "80"]
[EventDate "2010.10.08"]
[EventType "team-tourn"]
[EventRounds "9"]
[EventCountry "ISL"]
[SourceTitle "EXT 2012"]
[Source "ChessBase"]
[SourceDate "2011.11.24"]
[SourceVersion "1"]
[SourceVersionDate "2011.11.24"]
[SourceQuality "1"]
[WhiteTeam "Fjolnir"]
[BlackTeam "TR"]
[WhiteTeamCountry "ISL"]
[BlackTeamCountry "ISL"]

1. d4 c5 2. d5 e5 3. c4 d6 4. Nc3 Be7 5. e4 Bg5 6. Nf3 Bxc1 7. Rxc1 Ne7 8. g3 0-0 9. Bg2 a6 10. a4 Qb6 11. b3 Bg4 12. h3 Bh5 13. g4 Bg6 14. Nh4 f6 15. 0-0 Nd7 16. Ne2 Qb4 17. Nc3 Rab8 18. Re1 Nb6 19. Bf1 Na8 20. Re3 Nc7 21. Ra1 Be8 22. Nf5 Nxf5 23. exf5 Bd7 24. Ne4 Ne8 25. Bd3 b5 26. axb5 axb5 27. Qc2 Rf7 28. Ra7 bxc4 29. bxc4 Qb6 30. Ra1 Bc8 31. Ree1 Ra7 32. Rxa7 Qxa7 33. Rb1 Rxb1+ 34. Qxb1 Kf8 35. Qb5 Ke7 36. Bf1 Bd7 37. Qb2 Qa5 38. Qb8 Qe1 39. Ng3 Qc1 40. Qb7 Qe1 1/2-1/2

[Event "ISL-chT 1011"]
[Site "Reykjavik"]
[Date "2011.03.04"]
[Round "5.3"]
[White "Asbjornsson, Ingvar"]
[Black "Sigurjonsson, Johann Oern"]
[Result "1-0"]
[WhiteElo "2021"]
[BlackElo "2157"]
[PlyCount "59"]
[EventDate "2010.10.08"]
[EventType "team-tourn"]
[EventRounds "9"]
[EventCountry "ISL"]
[SourceTitle "EXT 2012"]
[Source "ChessBase"]
[SourceDate "2011.11.24"]
[SourceVersion "1"]
[SourceVersionDate "2011.11.24"]
[SourceQuality "1"]
[WhiteTeam "Fjolnir"]
[BlackTeam "KR CC"]
[WhiteTeamCountry "ISL"]
[BlackTeamCountry "ISL"]

1. d4 f5 2. g3 Nf6 3. Bg2 g6 4. Nf3 Bg7 5. 0-0 0-0 6. b4 c6 7. c4 a5 8. b5 d5 9. Ne5 Nfd7 10. Nxd7 Qxd7 11. cxd5 cxd5 12. Qb3 Bxd4 13. Nc3 e6 14. Ba3 Re8 15. Rad1 Qg7 16. Nxd5 exd5 17. Qxd5+ Be6 18. Qxd4 Bxa2 19. Qxg7+ Kxg7 20. Bxb7 Ra7 21. Bf3 Bc4 22. Rb1 Rd7 23. Rb2 Bd5 24. Bxd5 Rxd5 25. Rc1 Nd7 26. b6 Rb8 27. b7 Kf7 28. f4 Ke6 29. Rc6+ Kf7 30. Bd6 1-0

[Event "ISL-chT 1011"]
[Site "Reykjavik"]
[Date "2010.10.09"]
[Round "3.2"]
[White "Asbjornsson, Ingvar"]
[Black "Petursson, Daniel"]
[Result "1-0"]
[WhiteElo "2021"]
[BlackElo "1940"]
[PlyCount "83"]
[EventDate "2010.10.08"]
[EventType "team-tourn"]
[EventRounds "9"]
[EventCountry "ISL"]
[SourceTitle "EXT 2012"]
[Source "ChessBase"]
[SourceDate "2011.11.24"]
[SourceVersion "1"]
[SourceVersionDate "2011.11.24"]
[SourceQuality "1"]
[WhiteTeam "Fjolnir"]
[BlackTeam "Haukar"]
[WhiteTeamCountry "ISL"]
[BlackTeamCountry "ISL"]

1. d4 Nf6 2. c4 e5 3. dxe5 Ng4 4. e3 Nxe5 5. Nh3 Nbc6 6. Nc3 Bb4 7. Bd2 a5 8. Nf4 Bxc3 9. Bxc3 d6 10. Be2 0-0 11. 0-0 Be6 12. Nxe6 fxe6 13. f4 Nd7 14. Bd3 Nf6 15. Qb3 Qc8 16. Rad1 Ne7 17. e4 Nd7 18. Be2 a4 19. Qc2 Ng6 20. Bg4 Qe8 21. g3 Nf6 22. Bf3 d5 23. f5 Ne7 24. g4 h6 25. h4 g6 26. g5 Nh5 27. Bxh5 gxh5 28. g6 Rf6 29. Kh2 a3 30. b3 Kg7 31. Qe2 Qc6 32. Bd2 Rh8 33. Rde1 Qc5 34. Qxh5 Nc6 35. Be3 Qb4 36. Qd1 Ne7 37. Qd2 Nc6 38. h5 b6 39. Re2 Qxd2 40. Rxd2 Re8 41. Bf2 Ne7 42. Bh4 1-0

[Event "Reykjavik-ch"]
[Site "Reykjavik"]
[Date "2009.01.30"]
[Round "9"]
[White "Ragnarsson, Johann Hjortur"]
[Black "Asbjornsson, Ingvar"]
[Result "1-0"]
[WhiteElo "2118"]
[BlackElo "2029"]
[PlyCount "69"]
[EventDate "2009.01.11"]
[EventType "swiss"]
[EventRounds "9"]
[EventCountry "ISL"]
[SourceTitle "EXT 2010"]
[Source "ChessBase"]
[SourceDate "2010.11.25"]
[SourceVersion "1"]
[SourceVersionDate "2010.11.25"]
[SourceQuality "1"]

1. d4 c6 2. c4 d5 3. cxd5 cxd5 4. Bf4 Nc6 5. Nc3 Nf6 6. Rc1 a6 7. e3 Bg4 8. Qb3 Na5 9. Qa4+ Bd7 10. Qd1 Rc8 11. Bd3 e6 12. Nf3 Nc4 13. Qe2 Be7 14. 0-0 0-0 15. h3 b5 16. Rfe1 b4 17. Nb1 Bb5 18. Rc2 Ne4 19. Rec1 Qa5 20. b3 Ncd6 21. Bxd6 Rxc2 22. Qxc2 Bxd6 23. Bxe4 dxe4 24. Qxe4 h6 25. Qc2 Rd8 26. Nbd2 Bf8 27. Qc7 Qa3 28. Rc2 Rd7 29. Qb8 f6 30. Rc8 Rf7 31. Ne4 f5 32. Ne5 fxe4 33. Nxf7 Kxf7 34. Rxf8+ Kg6 35. Qg3+ 1-0

[Event "Reykjavik-ch"]
[Site "Reykjavik"]
[Date "2009.01.25"]
[Round "7"]
[White "Leosson, Torfi"]
[Black "Asbjornsson, Ingvar"]
[Result "1/2-1/2"]
[WhiteElo "2155"]
[BlackElo "2029"]
[PlyCount "30"]
[EventDate "2009.01.11"]
[EventType "swiss"]
[EventRounds "9"]
[EventCountry "ISL"]
[SourceTitle "EXT 2010"]
[Source "ChessBase"]
[SourceDate "2010.11.25"]
[SourceVersion "1"]
[SourceVersionDate "2010.11.25"]
[SourceQuality "1"]

1. e4 c6 2. d4 d5 3. exd5 cxd5 4. Bd3 Nc6 5. c3 Qc7 6. Ne2 Bg4 7. f3 Bd7 8. Bf4 e5 9. dxe5 Nxe5 10. Bc2 Nf6 11. Ba4 Bd6 12. Bxd7+ Nfxd7 13. Qxd5 0-0 14. Nd2 Nf6 15. Qd4 Rad8 1/2-1/2

[Event "Reykjavik Hellir CC-ch"]
[Site "Reykjavik"]
[Date "2008.02.??"]
[Round "3"]
[White "Asbjornsson, Ingvar"]
[Black "Gretarsson, Hjorvar Steinn"]
[Result "1/2-1/2"]
[WhiteElo "2017"]
[BlackElo "2247"]
[PlyCount "121"]
[EventDate "2008.02.??"]
[EventType "swiss"]
[EventRounds "7"]
[EventCountry "ISL"]
[SourceTitle "EXT 2010"]
[Source "ChessBase"]
[SourceDate "2010.11.25"]
[SourceVersion "1"]
[SourceVersionDate "2010.11.25"]
[SourceQuality "1"]

1. d4 d5 2. Nf3 c6 3. Bf4 Nf6 4. e3 e6 5. Bd3 Nbd7 6. Nbd2 Be7 7. 0-0 0-0 8. c3 b6 9. Qe2 Bb7 10. Ne5 Rc8 11. Ndf3 Ne4 12. Nxd7 Qxd7 13. Ne5 Qe8 14. Ba6 Bxa6 15. Qxa6 f6 16. Nd3 g5 17. Bg3 Qd7 18. f3 Nxg3 19. hxg3 Bd6 20. f4 Qg7 21. c4 Bb8 22. c5 b5 23. Nb4 Qc7 24. Qa3 f5 25. Na6 Qb7 26. Kf2 Bc7 27. Nxc7 Qxc7 28. Rh1 Rf6 29. Rh5 gxf4 30. exf4 h6 31. Rah1 Kh7 32. Rg5 Rg8 33. Rxg8 Kxg8 34. Rh3 Kh7 35. Kg1 a5 36. Kh2 a4 37. Qe3 Rg6 38. Qe1 Qg7 39. Qe3 Qf6 40. Kg1 Rg7 41. Kf2 a3 42. b3 Kg6 43. Ke2 Rb7 44. Kd3 b4 45. Qe2 Kh7 46. Ke3 Rb5 47. Qd3 Qg6 48. Kf2 Qg7 49. Rh1 Kg8 50. Re1 Kf7 51. Qe3 Qf6 52. Qe5 Qxe5 53. Rxe5 Rb8 54. Re1 h5 55. Rh1 Rh8 56. Rh4 Kg6 57. Kf3 Rg8 58. Kf2 Kh6 59. Kf3 Rg4 60. Kf2 Kg6 61. Kf3 1/2-1/2

[Event "Reykjavik Hellir CC-ch"]
[Site "Reykjavik"]
[Date "2008.02.??"]
[Round "7"]
[White "Brynjarsson, Helgi"]
[Black "Asbjornsson, Ingvar"]
[Result "1/2-1/2"]
[WhiteElo "1925"]
[BlackElo "2017"]
[PlyCount "102"]
[EventDate "2008.02.??"]
[EventType "swiss"]
[EventRounds "7"]
[EventCountry "ISL"]
[SourceTitle "EXT 2010"]
[Source "ChessBase"]
[SourceDate "2010.11.25"]
[SourceVersion "1"]
[SourceVersionDate "2010.11.25"]
[SourceQuality "1"]

1. e4 d5 2. exd5 Qxd5 3. Nc3 Qa5 4. d4 Nf6 5. Bc4 c6 6. a3 Bf5 7. Nge2 e6 8. Bf4 Nbd7 9. b4 Qd8 10. Bd3 Bg6 11. Ng3 Nb6 12. Bxg6 hxg6 13. Nge4 Nbd5 14. Nxd5 Qxd5 15. Nxf6+ gxf6 16. 0-0 Rd8 17. c3 Bh6 18. Qd2 Bxf4 19. Qxf4 Ke7 20. a4 Qd6 21. Qxd6+ Kxd6 22. b5 Kd5 23. Rab1 c5 24. Rfd1 Kc4 25. h3 cxd4 26. Rxd4+ Kxc3 27. Rxd8 Rxd8 28. Rc1+ Kb3 29. Rc7 Rf8 30. Rxb7 Kxa4 31. Kf1 Ka5 32. Ke2 a6 33. bxa6 Kxa6 34. Rd7 Kb6 35. Ke3 Kc6 36. Ra7 f5 37. Kd4 f6 38. Ra6+ Kd7 39. Ra7+ Ke8 40. Kc5 Rf7 41. Ra8+ Ke7 42. h4 f4 43. Rb8 f5 44. Ra8 f3 45. gxf3 Kf6 46. Kd6 Rh7 47. Rf8+ Kg7 48. Rb8 Rxh4 49. Kxe6 Rh2 50. Rb2 Rh3 51. Rb3 Rh2 1/2-1/2

[Event "Reykjavik-ch"]
[Site "Reykjavik"]
[Date "2008.01.16"]
[Round "5"]
[White "Gretarsson, Hjorvar Steinn"]
[Black "Asbjornsson, Ingvar"]
[Result "1-0"]
[WhiteElo "2247"]
[BlackElo "2013"]
[PlyCount "49"]
[EventDate "2008.01.06"]
[EventType "swiss"]
[EventRounds "9"]
[EventCountry "ISL"]
[SourceTitle "EXT 2009"]
[Source "ChessBase"]
[SourceDate "2008.11.26"]
[SourceVersion "1"]
[SourceVersionDate "2008.11.26"]
[SourceQuality "1"]

1. c4 e5 2. e3 d6 3. d4 Be7 4. Nc3 Nf6 5. g3 0-0 6. Bg2 c6 7. Nge2 a5 8. 0-0 Na6 9. b3 Re8 10. h3 Qc7 11. f4 exd4 12. exd4 Bf8 13. g4 d5 14. f5 c5 15. g5 cxd4 16. Nb5 Qe7 17. Nf4 Ne4 18. Nxd5 Qc5 19. Qd3 Nd6 20. Ba3 Nb4 21. Bxb4 axb4 22. Nbc7 Re3 23. Nxe3 dxe3 24. Nxa8 e2+ 25. Rf2 1-0

[Event "Reykjavik-ch"]
[Site "Reykjavik"]
[Date "2008.01.13"]
[Round "4"]
[White "Asbjornsson, Ingvar"]
[Black "Baldursson, Haraldur"]
[Result "1-0"]
[WhiteElo "2013"]
[BlackElo "2033"]
[PlyCount "89"]
[EventDate "2008.01.06"]
[EventType "swiss"]
[EventRounds "9"]
[EventCountry "ISL"]
[SourceTitle "EXT 2009"]
[Source "ChessBase"]
[SourceDate "2008.11.26"]
[SourceVersion "1"]
[SourceVersionDate "2008.11.26"]
[SourceQuality "1"]

1. Nf3 Nf6 2. c4 e6 3. d4 d5 4. g3 Be7 5. Bg2 Nbd7 6. 0-0 0-0 7. Qc2 Re8 8. Rd1 c6 9. b3 Nf8 10. Nc3 Bd6 11. e4 dxe4 12. Nxe4 Nxe4 13. Qxe4 Qe7 14. Bb2 Ng6 15. Rac1 Bd7 16. Ne5 Nxe5 17. dxe5 Bc5 18. Bf1 Rad8 19. Bd3 g6 20. Bf1 Bc8 21. Qc2 Qc7 22. Rxd8 Rxd8 23. Rd1 Rxd1 24. Qxd1 Qd7 25. Qxd7 Bxd7 26. Bc3 Kf8 27. b4 Be7 28. Kg2 c5 29. b5 Ke8 30. Bd3 Kd8 31. Be4 Kc7 32. a4 b6 33. f3 Bc8 34. Kf2 Bb7 35. Ke3 Bg5+ 36. f4 Bxe4 37. Kxe4 Be7 38. Be1 h5 39. h3 f5+ 40. exf6 Bxf6 41. a5 Kd6 42. a6 Bd4 43. g4 hxg4 44. hxg4 Ke7 45. Ba5 1-0

[Event "Reykjavik-ch"]
[Site "Reykjavik"]
[Date "2008.01.11"]
[Round "3"]
[White "Magnusson, Bjarni"]
[Black "Asbjornsson, Ingvar"]
[Result "0-1"]
[WhiteElo "1913"]
[BlackElo "2013"]
[PlyCount "132"]
[EventDate "2008.01.06"]
[EventType "swiss"]
[EventRounds "9"]
[EventCountry "ISL"]
[SourceTitle "EXT 2009"]
[Source "ChessBase"]
[SourceDate "2008.11.26"]
[SourceVersion "1"]
[SourceVersionDate "2008.11.26"]
[SourceQuality "1"]

1. d4 Nf6 2. Nf3 e6 3. c4 b6 4. g3 Ba6 5. Bg2 Bxc4 6. Ne5 Bd5 7. Bxd5 exd5 8. 0-0 Be7 9. Nc3 0-0 10. Bg5 d6 11. Nd3 c5 12. Nf4 h6 13. Bxf6 Bxf6 14. e3 cxd4 15. exd4 Nc6 16. Qa4 Nxd4 17. Rad1 Nf3+ 18. Kg2 Bxc3 19. bxc3 Ng5 20. Rxd5 Qc7 21. Rd3 Rfd8 22. h4 Ne6 23. Nxe6 fxe6 24. Qe4 Re8 25. g4 Rac8 26. Kg1 d5 27. Qe2 Qe7 28. h5 Qf6 29. Rf3 Qg5 30. Re3 Rc4 31. f3 Qf6 32. Rd1 Rf8 33. Rdd3 Kf7 34. Re5 Rd8 35. Rde3 Rd6 36. Rd3 Qf4 37. Kg2 Qf6 38. Ree3 Rdc6 39. Qb2 d4 40. Rxd4 Rxc3 41. Rxc3 Qxd4 42. Rc2 Qxb2 43. Rxb2 Kf6 44. Kg3 Rc3 45. Rb4 Ra3 46. Rb2 e5 47. Rc2 e4 48. Rc6+ Kf7 49. Rc7+ Kg8 50. Rc8+ Kh7 51. Re8 exf3 52. Rf8 Rxa2 53. Kxf3 b5 54. Rb8 a6 55. Ke4 Ra4+ 56. Kf5 b4 57. Rb6 a5 58. g5 hxg5 59. Kxg5 Ra1 60. Rb7 Rg1+ 61. Kf5 Kh6 62. Kf4 Rg5 63. Rb8 Kxh5 64. Rh8+ Kg6 65. Rb8 Rc5 66. Rb6+ Kh5 0-1

[Event "World ol U16 06th"]
[Site "Singapore"]
[Date "2007.08.07"]
[Round "5"]
[White "Asbjornsson, Ingvar"]
[Black "Tanaka, Christian T"]
[Result "0-1"]
[WhiteElo "2028"]
[BlackElo "2114"]
[PlyCount "60"]
[EventDate "2007.08.05"]
[EventType "team-swiss"]
[EventRounds "10"]
[EventCountry "SIN"]
[SourceTitle "EXT 2008"]
[Source "ChessBase"]
[SourceDate "2007.11.25"]
[SourceVersion "1"]
[SourceVersionDate "2007.11.25"]
[SourceQuality "1"]

1. Nf3 Nf6 2. c4 g6 3. Nc3 Bg7 4. e4 d6 5. d4 0-0 6. Be2 e5 7. 0-0 Nc6 8. d5 Ne7 9. b4 Nh5 10. Re1 f5 11. Ng5 Nf6 12. Bf3 Kh8 13. Bb2 c6 14. Rc1 Bh6 15. h4 fxe4 16. Ncxe4 cxd5 17. Nxf6 Rxf6 18. c5 Nf5 19. Bxd5 Nxh4 20. Nf7+ Rxf7 21. Bxf7 Qg5 22. Bd5 Bh3 23. cxd6 Bg7 24. f4 exf4 25. Bxg7+ Kxg7 26. Re7+ Kh6 27. Rcc7 Rh8 28. Qd2 Bxg2 29. Re5 Qg4 30. Rc3 Bf3+ 0-1

[Event "Politiken Cup 28th"]
[Site "Copenhagen"]
[Date "2006.07.24"]
[Round "3"]
[White "Asbjornsson, Ingvar"]
[Black "Hector, Jonny"]
[Result "0-1"]
[WhiteElo "2007"]
[BlackElo "2508"]
[PlyCount "154"]
[EventDate "2006.07.22"]
[EventType "swiss"]
[EventRounds "9"]
[EventCountry "DEN"]
[SourceTitle "CBM 113 Extra"]
[Source "ChessBase"]
[SourceDate "2006.09.14"]
[SourceVersion "1"]
[SourceVersionDate "2006.09.14"]
[SourceQuality "1"]

1. d4 d5 2. Nf3 Nf6 3. c4 c6 4. g3 Bf5 5. Bg2 e6 6. Nc3 h6 7. 0-0 Be7 8. Qb3 Qb6 9. c5 Qa6 10. Ne5 0-0 11. Re1 b6 12. cxb6 Qxb6 13. Qxb6 axb6 14. e4 dxe4 15. Nxe4 Nxe4 16. Bxe4 Bxe4 17. Rxe4 Rd8 18. a3 c5 19. dxc5 Rd1+ 20. Kg2 bxc5 21. Re2 Bf6 22. f4 Na6 23. Kf2 Nb4 24. Rd2 Rxd2+ 25. Bxd2 Bxe5 26. fxe5 Nd3+ 27. Ke2 Nxb2 28. Be3 Na4 29. Rc1 h5 30. Rc2 Kh7 31. h3 Kg6 32. g4 hxg4 33. hxg4 Rh8 34. Rc4 Rh2+ 35. Kf3 Rh3+ 36. Ke2 Nb6 37. Rxc5 Nd5 38. Bc1 Nc3+ 39. Kf2 Ne4+ 40. Kg2 Rg3+ 41. Kh2 Rxg4 42. Rc2 Rh4+ 43. Kg1 Kf5 44. Rh2 Rxh2 45. Kxh2 Nc5 46. Bb2 Ke4 47. Kh3 Kf3 48. Kh4 Na4 49. Ba1 Kf4 50. Kh5 Nc5 51. Bd4 Ne4 52. Kh4 Nd2 53. Bc3 Nf3+ 54. Kh3 Nxe5 55. a4 Nd3 56. a5 Nc5 57. Bxg7 f5 58. Bf8 Na6 59. Kg2 Ke4 60. Kf2 Kd5 61. Ke3 e5 62. Be7 Nc5 63. Bd8 Kc6 64. Bf6 Kd6 65. Bd8 Kd5 66. Be7 Ne6 67. Bf6 e4 68. Bc3 f4+ 69. Kf2 Kc4 70. Be1 Nc5 71. Ke2 Kd4 72. Bh4 f3+ 73. Kf1 e3 74. Bf6+ Kd5 75. Bh4 Nd3 76. a6 Kc6 77. Kg1 e2 0-1

[Event "Reykjavik op 22nd"]
[Site "Reykjavik"]
[Date "2006.03.08"]
[Round "3"]
[White "Asbjornsson, Ingvar"]
[Black "Eichab, Charles Sidney"]
[Result "1-0"]
[WhiteElo "1996"]
[BlackElo "2157"]
[PlyCount "61"]
[EventDate "2006.03.06"]
[EventType "swiss"]
[EventRounds "9"]
[EventCountry "ISL"]
[SourceTitle "CBM 111 Extra"]
[Source "ChessBase"]
[SourceDate "2006.05.09"]
[SourceVersion "1"]
[SourceVersionDate "2006.05.09"]
[SourceQuality "1"]

1. d4 Nf6 2. Bg5 e6 3. e4 h6 4. Bxf6 Qxf6 5. c3 e5 6. Nf3 d6 7. Bc4 Be7 8. 0-0 0-0 9. Nbd2 Nc6 10. Qa4 Qg6 11. Kh1 Bf6 12. Bb5 Ne7 13. Bd7 Qh5 14. g4 Qg6 15. Bf5 Nxf5 16. gxf5 Qh5 17. dxe5 dxe5 18. Rg1 Rd8 19. Rg3 Bd7 20. Qc2 Bc6 21. Nc4 Bh4 22. Nxh4 Qxh4 23. f3 f6 24. Na5 Rd7 25. Nxc6 bxc6 26. Rag1 Rad8 27. Qg2 Qh5 28. Rxg7+ Kf8 29. Rxd7 Rxd7 30. Qg8+ Ke7 31. Qe6+ 1-0

[Event "Karl Mala Memorial op 09th"]
[Site "Frankfurt"]
[Date "2005.07.31"]
[Round "6"]
[White "Kutschera, Julian"]
[Black "Asbjornsson, Ingvar"]
[Result "1/2-1/2"]
[WhiteElo "1605"]
[BlackElo "1942"]
[PlyCount "118"]
[EventDate "2005.07.28"]
[EventType "swiss"]
[EventRounds "7"]
[EventCountry "GER"]
[SourceTitle "EXT 2006"]
[Source "ChessBase"]
[SourceDate "2005.11.24"]
[SourceVersion "1"]
[SourceVersionDate "2005.11.24"]
[SourceQuality "1"]

1. d4 d5 2. c4 e6 3. Nf3 c6 4. Bf4 Nf6 5. e3 Nbd7 6. Bd3 dxc4 7. Bxc4 b5 8. Bb3 a6 9. Nbd2 Bb7 10. a3 c5 11. dxc5 Nxc5 12. 0-0 Bd6 13. Bxd6 Qxd6 14. Bc2 Rd8 15. Qe2 0-0 16. Rfd1 Qe7 17. Rac1 Rd6 18. b4 Nce4 19. Nxe4 Nxe4 20. Rxd6 Qxd6 21. Bd3 Rd8 22. Bxe4 Bxe4 23. h3 f6 24. Nd4 Bd5 25. Qc2 Bc4 26. Qc3 Kf7 27. Nb3 Bxb3 28. Qxb3 Qd3 29. Rc7+ Kg6 30. Qxe6 Qd1+ 31. Kh2 Qd6+ 32. Qxd6 Rxd6 33. Rc3 Kf5 34. Kg3 g5 35. f3 h5 36. h4 Re6 37. hxg5 Kxg5 38. Rc5+ Kg6 39. e4 Rd6 40. a4 bxa4 41. Ra5 Rd4 42. Rxa4 a5 43. Rxa5 Rxb4 44. Kh4 Rb2 45. Rxh5 Rxg2 46. Rf5 Re2 47. Kg3 Kf7 48. Rb5 Ra2 49. Rb4 Ra5 50. f4 Ke6 51. Rb6+ Kf7 52. f5 Ra7 53. Kf4 Re7 54. Rb2 Kf8 55. Rh2 Kf7 56. Rh7+ Kf8 57. Rxe7 Kxe7 58. Ke3 Ke8 59. Kd4 Kd8 1/2-1/2